000 00866cam a2200337 4500
001 ABS68318
008 041012n2004 000 0 eng u
035 _a(Sirsi) u127670
245 _aFocus 2: M25 South East
260 _c2004
490 _aEstates Gazette
_v(0440) 2 October 2004, 103-121(9)
590 _aABS
590 _aABS
650 _aM25
650 _aDARTFORD
650 _aSOUTHEAST ENGLAND
650 _aPROPERTY-COMMERCIAL PROPERTY-RETAIL PROPERTY-RETAIL PROPERTY MARKET
650 _aOFFICE MARKET
650 _aINDUSTRIAL MARKET
650 _aMAIDSTONE
650 _aSEVENOAKS
650 _aCRAWLEY
650 _aGATWICK
650 _aCROYDON
650 _aBROMLEY
650 _aANTI-SOCIAL BEHAVIOUR
650 _aLEISURE INDUSTRY
650 _aMULTIPLEXES
690 _aCOMMERCIAL PROPERTY-MARKET
942 _n0
999 _c118142
_d118142